| 000 | 00338nam a2200133 4500 | ||
|---|---|---|---|
| 005 | 20260530113857.0 | ||
| 100 | 1 |
_aMa. Teresa Camarena Yuren _931870 |
|
| 245 | 1 | 0 | _aLdeyes, Teorias y Modelos |
| 264 | 1 |
_bANUIES _c1975 |
|
| 300 | _a97 páginas | ||
| 336 |
_atexto _2rdacontent |
||
| 337 |
_asin medio _2rdamedia |
||
| 338 |
_avolumen _2rdacarrier |
||
| 999 |
_c11662 _d11662 |
||